000 00575nam a22001937a 4500
008 150923b xxu||||| |||| 00| 0 eng d
020 _a0023437421
041 0 _aeng
080 _a510.2
100 1 _aSullivan, Michael,
245 1 0 _aPrecalculus :
_cMichael Sullivan, Michael Sullivan III.
260 _aUpper Saddle River, NJ :
_bPrentice Hall,
_c1996.
300 _a1 v. (various pagings) :
_bmeil.;
_c26 cm.
650 0 _aFunksione
650 0 _aKalkulues
650 0 _aGrafikone
700 1 _aSullivan, Michael,
942 _2udc
_cBK
999 _c1167
_d1167